Culture Générale - Série 606 - Statistiques

Statistiques générales
  • Ce quiz a été pris 242 fois
  • Le résultat moyen est 7 sur 10
Statistiques - réponses
Question Réponse % Correct
Quelle île française est surnommée "l'île de Beauté" ? Corse
99%
Qui a écrit "Le Malade imaginaire" au 17e siècle ? Molière
98%
Quelle saga, réalisée par Patrice Leconte, met en scène l'équipe du Splendid, à la mer, au ski et amis pour la vie ? Les Bronzés
97%
Quel est le nom italien de la ville de Turin ? Torino
80%
D'une personne mauvaise on dit familièrement qu'elle est un "gibier de... potence
69%
Dès 1967, il devient le "Monsieur Cinéma" de la télévision, son nom est Pierre... Tchernia
69%
En 1985, quelle sucrerie est le titre d'une chanson de Renaud ? Mistral gagnant
65%
Comment s'appelle l'héroïne du film "Autant en emporte le vent" incarnée par Vivien Leigh en 1939 ? Scarlett O'Hara
54%
Quel est le prénom de Hardy, le complice de Stan Laurel ? Oliver
52%
De quel arbre la faine est-elle le fruit ? hêtre
33%
Aucun quiz correspondant
Distribution des résultats
% des personnes avec chaque résultat
Percentile par nombre de réponses
Votre historique - résultats
Vous n’avez pas pris ce quiz